000 01092nam a2200229 i 4500
001 156787
003 ES-MaACL
005 20250731034209.0
008 990712s1886 sp 001 0dspa d
100 1 _aLabra, Rafael M. de,
_d1840-1918
_969273
245 1 0 _aAlgo de todo
_b: artículos sueltos, crítica lijera [sic], notas de viajes /
_cpor Rafael M. de Labra.
260 _aBarcelona :
_b[s.n.],
_c1886 (
_fDelclós y Bosch)
300 _a205 p. ;
_c22 cm.
490 1 _aBiblioteca de "La Ilustración Cubana"
505 8 _aContiene: El puerto de Pajares ; Sobre armas ; La ville d'Arcachón ; La catedral de Oviedo ; El baile en Madrid ; El cabotaje ; El Ateneo de Madrid
530 _aDisponible en formato digital.
610 2 4 _aAteneo de Madrid-
_vHistoria-
_vRelatos personales
_91926
830 1 _aBiblioteca de "La Ilustración Cubana"
_9181749
852 4 _aES-MaACL
_jT-469-F-2
_z- Enc. hol., falto de cub. original
_z- Enc. en un vol. facticio
856 4 _uhttp://bdh-rd.bne.es/viewer.vm?id=0000204992&page=1
_zBiblioteca Digital Hispánica
999 _c156787
_d156787